00585nam a22001577a 450000500170000000800410001702000150005804100130007308200130008610000270009924501760012625000190030226000470032130000330036865000260040120231130070942.0231130b |||||||| |||| 00| 0 eng d a0702153664 aEnglish  a340 SCH  aScheepers, TlEnglish  aA practical guide to Law and Development : bAn introduction to the Law applicable to development and the developing management processing in South Africa / cT Scheepers  aFirst Edition  aCape Town : bJuta and Company Ltd, c2000 bxix, 383 pages ; c25,5 cm.  aLegal practice bLaw